000 00307nam a2200121Ia 4500
008 190216s9999||||xx |||||||||||||| ||und||
100 _aTharakan K M
245 4 _aThe Rainbow An Anthology Of One Act Plays
260 _bMacmillan India Ltd
_c1981
300 _a120p
650 _aEnglish Drama
942 _cBK
999 _c13121
_d13121